000 00304nam a2200133 i 4500
001 bg
100 1 _aWAWRZECKI, J.
245 0 _aTeoria mechanizmów i maszyn /
_cJ. Wawrzecki.
260 _aŁódź,
_c1984.
040 _cBPK
041 _apol
942 _cKS
008 s pl f |000 0 pol
999 _c2963
_d2963
856 _uhttp://koha.tu.koszalin.pl/cgi-bin/koha/opac-detail.pl?biblionumber=2963
_yKatalog online BPK